Statistics for Countries That Have Controlled Egypt

Click here to take the quiz!

General Stats

  • This quiz has been taken 35 times
  • The average score is 22 of 38

Answer Stats

Years ControlledCountry% Correct
1840 - 1867Ottoman Empire
94%
1517 - 1831Ottoman Empire
94%
3150 BC - 1650 BCAncient Egypt
90%
404 BC - 343 BCAncient Egypt
90%
1550 BC - 749 BCAncient Egypt
90%
654 BC - 525 BCAncient Egypt
90%
1953 - presentEgypt
90%
1831 - 1840Eyalet of Egypt
90%
1867 - 1882Khedivate of Egypt
90%
1952 - 1953Kingdom of Egypt
90%
355 - 364Roman Empire
87%
392 - 395Roman Empire
87%
27 BC - 270 ADRoman Empire
87%
273 - 287Roman Empire
87%
324 - 337Roman Empire
87%
30 BC - 27 BCRoman Republic
87%
1882 - 1952British Empire
74%
343 BC - 332 BCPersian Empire
71%
525 BC - 404 BCPersian Empire
71%
395 - 618Byzantine Empire
52%
337 - 355Byzantine Empire
52%
287 - 308Byzantine Empire
52%
626 - 641Byzantine Empire
52%
364 - 392Byzantine Empire
52%
656 - 748Umayyad Caliphate
48%
748 - 969Abbasid Caliphate
39%
666 BC - 654 BCAssyrian Empire
39%
641 - 656Rashidun Caliphate
39%
1250 - 1517Mamluk Sultanate
32%
969 - 1171Fatimid Caliphate
26%
1171 - 1250Ayyubid Sultanate
23%
749 BC - 666 BCKush
23%
332 BC - 30 BCPtolemaic KIngdom
19%
270 - 273Palmyrene Empire
16%
618 - 626Sasanian Empire
16%
308 - 313Daia
6%
1650 BC - 1550 BCHyksos
6%
313 - 324Licinus
6%

Score Distribution

Percentile by Number Answered

Percent of People with Each Score

Your Score History

You have not taken this quiz